Library Logo

Pioneer International University Library Catalogue

JACKIE THE RAVENOUS PEST (Record no. 9579)

MARC details
000 -LEADER
fixed length control field 00391nam a22001457a 4500
003 - CONTROL NUMBER IDENTIFIER
control field OSt
005 - DATE AND TIME OF LATEST TRANSACTION
control field 20250904101314.0
008 - FIXED-LENGTH DATA ELEMENTS--GENERAL INFORMATION
fixed length control field 250904b |||||||| |||| 00| 0 eng d
020 ## - INTERNATIONAL STANDARD BOOK NUMBER
International Standard Book Number 9789966499240
040 ## - CATALOGING SOURCE
Transcribing agency Jackie`s Ravenous Pest
050 ## - LIBRARY OF CONGRESS CALL NUMBER
Classification number PZ .7.W39 2007
245 ## - TITLE STATEMENT
Title JACKIE THE RAVENOUS PEST
Statement of responsibility, etc. WAWERU PETER
260 ## - PUBLICATION, DISTRIBUTION, ETC.
Place of publication, distribution, etc. NAIROBI, KENYA
Name of publisher, distributor, etc. LONGHORN PUBLISHERS
Date of publication, distribution, etc. 2007
942 ## - ADDED ENTRY ELEMENTS (KOHA)
Source of classification or shelving scheme Library of Congress Classification
Koha item type Books
Suppress in OPAC No

No items available.